Statistiques concernant Culture Générale - Série 332

Cliquez ici pour prendre le quiz!

Statistiques générales

  • Ce quiz a été pris 172 fois
  • Le résultat moyen est 8 sur 10

Statistiques - réponses

QuestionRéponse% Correct
De quel alphabet la lettre epsilon est-elle une voyelle ?Grec
94%
Quel nom porte la jupe de tulle portée par les danseuses classiques ?Le tutu
88%
De quelle couleur est le bonnet fétiche de Jean-François Derec ?Rouge
86%
Sur quel continent se situe le massif volcanique du Hoggar ?L'Afrique
82%
Quel trio comique a popularisé la phrase : "Mais cela ne nous regarde pas" ?Les Inconnus
82%
Comment est le bateau dans le titre d'un poème d'Arthur Rimbaud ?Ivre
77%
Dans quelle ville française peut-on visiter la Cité de l'espace ?Toulouse
77%
Combien de temps met-on pour faire cinq kilomètres en roulant à 30 km/h ?10 minutes
76%
Comment appelle-t-on les habitants de la ville d'Agen ?Les Agenais
73%
Quel département français correspond au numéro 35 ?L'Ille-et-Vilaine
61%

Distribution des résultats

Percentile par nombre de réponses

% des personnes avec chaque résultat

Votre développement - résultats

Vous n’avez pas pris ce quiz